[Event "Turnier 40 / 120"]
[Site "Wien"]
[Date "2023.07.29"]
[Round "27"]
[White "Mephisto Atlanta SH 7034 - 20 MHZ"]
[Black "Mephisto Lyon 68020 - 12 MHZ"]
[Result "1-0"]
[BlackElo "2172"]
[WhiteElo "2191"]

{Analyse ----> Komodo 14.1.} 1. e4 d6 2. d4 Nf6 3. Nc3 g6 4. Bg5 c6 5. Qd2
b5 6. Bd3 {Buchende} h6 {Buchende} 7. Bxf6 {Buchbewertung Mephisto Atlanta:
+0,3} exf6 {Buchbewertung Mephisto Lyon 68020: -0,63 / lt. Komodo steht
Weiss klar besser mit ca. +1,00} 8. d5? {so aber nicht, ein schlechter Zug,
der den Grossteil des Vorteiles verspielt, Komodo +0,20, nötig war f4} b4
9. Nce2 Qb6 10. dxc6 Nxc6 11. Nf4 Be6? {ein schwacher Zug, danach steht
Weiss wieder besser, Komodo -0,90, nötig war Se7} 12. Nd5? {so aber nicht,
danach ist gleich wieder der gesamte Vorteil dahin, Komodo 0,00, nötig war
Sxe6} Bxd5 13. exd5 Ne5 14. Qe2 O-O-O? {ein schlechter Zug, hier auf die
offene Seite zu rochieren ist sehr riskant, danach steht Weiss bereits klar
besser, Komodo -1,30, der nötige Zug war aber auch alles andere als
selbstverständlich, es war Kd8 ! mit Ausgleich} 15. Nf3 Nxd3+ 16. cxd3 {ja,
will anscheinend die C-Linie öffnen, strategisch aber natürlich weniger
gut, ruiniert nachhaltig die Bauernstruktur, besser ist natürlich Dxd3,
Komodo +0,70} Bg7 17. O-O Rhe8? {nicht ideal, deutlich besser ist Kb8 mit
ca. -0,80, Komodo -1,30} 18. Rac1+?? {ganz schlecht, danach ist Weiss nur
noch knapp im Vorteil, Komodo +0,40, nötig war Dc2+} Kb8?? {ein Verlustzug,
danach ist die Partie praktisch schon verloren, Komodo -1,70, der König
hätte die Seite wechseln sollen und sich auf den weit sichereren
Königsflügel flüchten sollen, Kd7 !, Dd2, Ke7 ! wäre der richtige Plan} 19.
Qd2? {doch beide Geräte sind mit dieser Stellung überfordert, verspielt auf
einen Schlag den gesamten Vorteil, die Stellung ist wieder im Lot, aber gut
es ist eine schwierige Stellung hier zu erkennen, dass Dd1 ! der nötige Zug
ist ist halt schon eine harte Nuss, vom Gefühl her würden wahrscheinlich
die meisten Spieler hier Dd2 ziehen und nicht die Dame auf die Grundlinie
zurückziehen, ich muss zu meiner Schande gestehen, mich eingeschlossen !
der richtige Plan wäre gewesen die Dame von d1 nach a4 zu bringen} Rc8 20.
Rc6 Rxc6 21. dxc6 b3 22. axb3 Rc8 23. Rc1 Rxc6 24. Rxc6 Qxc6 25. Nd4 Qc5
26. Qe3 {die Stellung ist im Lot, Komodo 0,00} Kb7 27. b4 Qe5 28. Ne2 f5
29. Nc3 Bf6 {besser ist Dxe3 mit leichtem Vorteil für Schwarz, nach dem
Textzug ist die Partie bereits Remis} 30. g3 {nicht optimal danach ist
Schwarz leicht im Vorteil} h5?? {ein ganz schlechter Zug, der Weiss klar in
Vorteil bringt, Komodo -1,00, nötig war Dxe3} 31. Qf3+ Kb8 32. Qc6 h4??
{das muss man bereits als Verlustzug werten, Komodo -2,00, deutlich mehr
Widerstand leistet noch Ld8} 33. Kf1 Qd4?? {verschlimmert die Lage nochmals
deutlich weiter, danach ist bereits alles aus, Komodo -4,00, deutlich
besser ist noch Ld8 mit ca. -2,20} 34. Qe8+ Kb7 35. Qxf7+ Kb8 {klar
schwächer als Kc8, Komodo -6,00} 36. Qe8+ Kb7 37. Qb5+ Kc8 38. Nd5 Kd8 39.
Qb8+ Kd7 40. Qb7+ Kd8 41. Kg2 hxg3 42. hxg3 Qe5 {besser ist noch Dxb2,
rettet aber natürlich auch nichts mehr, Komodo -13,00} 43. Qa8+ Kd7 44.
Qxa7+ Ke8 45. Qa8+ Bd8 46. b5 f4 47. b6 f3+ 48. Kxf3 Kf7 49. Nf4 Bxb6 50.
Qb7+ Kg8 51. Qxb6 {Rest geschenkt} 1-0
[/pgn]
[pgn]

[Event "Turnier 40 / 120"]
[Site "Wien"]
[Date "2023.07.29"]
[Round "28"]
[White "Mephisto Lyon 68020 - 12 MHZ"]
[Black "Mephisto Atlanta SH 7034 - 20 MHZ"]
[Result "1-0"]
[BlackElo "2191"]
[WhiteElo "2172"]

{Analyse ----> Komodo 14.1.} 1. d4 Nf6 2. c4 e6 3. g3 d5 4. Bg2 Be7 5. Nf3
O-O 6. O-O dxc4 {Buchende} 7. Qc2 b5 {Buchbewertung Mephisto Atlanta: +0,3}
8. a4 {Buchbewertung Mephisto Lyon 68020: Buchbewertung Mephisto Lyon
68020: +0,39 / lt. Komodo steht Weiss etwas besser mit ca. +0,50} bxa4?
{nach über 11 Minuten Bedenkzeit verwirft Atlanta in letzter Sekunde den
weit besseren Zug b4, danach wäre die Stellung im Lot gewesen, nach dieser
schlechten Entscheidung ist Weiss klar im Vorteil, Komodo -0,80} 9. Ne5 Nd5
10. Qxc4 {besser ist Txa4, Komodo +0,40} Bb7 11. Nc3 {nicht ideal danach
ist die Stellung im Lot, besser ist Db5} Nb6 12. Qd3 Bxg2 13. Kxg2 c5 14.
Be3 Bf6? {ein schwacher Zug, danach ist Weiss im Vorteil, Komodo -0,80,
deutlich besser ist cxd4 mit Ausgleich} 15. Qe4 Bxe5 16. dxe5 N8d7 17. Rfd1
Qc7 18. Bf4 {nicht optimal, die Stellung ist wieder im Lot, Komodo 0,00,
besser ist f4} Rab8 19. Nb5 Qb7 20. Qxb7 Rxb7 21. Nd6 Rbb8 22. Bg5 Nxe5???
{ein absurder Zug, der sofort die Qualität verliert, Komodo -1,00, nach Ta8
ist die Partie Remis, völlig unverständlich} 23. Be7 Nec4??? {ein absoluter
Verlustzug, danach ist die Partie bereits klar verloren, Komodo -2,50, weit
besser ist noch f5 mit ca. -1,00} 24. Rdc1??? {ein grottenschlechter Zug,
der nahezu den gesamten Vorteil verschenkt, Komodo nur noch +0,50, gewonnen
hätte Sxc4} Nxb2??? {aber sofort der nächste Verlustzug, Komodo -2,30,
nötig war Sxd6} 25. Bxf8 {etwas schwächer als Txc5, aber völlig
ausreichend, Komodo +2,00} Kxf8 26. Rxc5 Ke7 27. Ne4 {hier beende ich die
weitere Kommentierung auch bei vielleicht nicht immer optimaler Fortsetzung
kann sich Weiss hier praktisch schon alles leisten, hier gewinnt jede
halbwegs plausible Fortsetzung ein paar Zehntel Bauerneinheiten auf oder ab
braucht man hier nicht mehr zu kommentieren, letzter Kommentar, es sei denn
Lyon 68020 macht überraschend doch noch einen Megabock, aber diese Stellung
sieht ganz einfach aus, das nach Hause zu bringen sollte nur noch Formsache
sein.} f5 28. Rc7+? Kd8 29. Rc2 N6c4??? 30. Nc5 Rc8 31. Nxe6+ Kd7 32. Nd4
g6 33. h3 a6 34. Ra2 a3 35. Rc3 Na4 36. Rd3 Nab2 37. Rb3 Rc7 38. g4 fxg4
39. hxg4 h5 40. gxh5 gxh5 41. Rg3 Na4 42. Nc2 Ke6 43. Nxa3 {Rest geschenkt}
1-0
[/pgn]
[pgn]

[Event "Turnier 40 / 120"]
[Site "Wien"]
[Date "2023.07.30"]
[Round "29"]
[White "Mephisto Atlanta SH 7034 - 20 MHZ"]
[Black "Mephisto Lyon 68020 - 12 MHZ"]
[Result "0-1"]
[BlackElo "2172"]
[WhiteElo "2191"]

{Analyse ----> Komodo 14.1.} 1. e4 c6 2. c4 d5 3. exd5 cxd5 4. cxd5 Qxd5 5.
d4 {Buchende} Nc6 6. Nf3 {Buchbewertung Mephisto Atlanta: 0,0} e5 7. Nc3
Bb4 8. Bd2 Bxc3 9. Bxc3 e4 10. Ne5 Nxe5 11. dxe5 Ne7 {Buchende} 12. Qxd5
Nxd5 {Buchbewertung Mephisto Lyon 68020: -0,75 / lt. Komodo ist die
Stellung etwa gleich / Lyon 68020 startet aufgrund des enormen
Buchvorteiles mit einem Zeitvorsprung von 30 Minuten !! in die Partie} 13.
Rc1 O-O 14. Bc4 Nxc3 15. Rxc3 Re8 16. f4 exf3 17. O-O Rxe5 18. Rfxf3 Rf5
19. Rfe3 {nicht optimal, erlaubt Schwarz den Entwicklungszug Ld7, etwas
besser ist Tfd3, danach wäre die Stellung trotz des Mehrbauern für Schwarz
exakt im Lot gewesen, nach dem Textzug ist Schwarz aber auch nur leicht im
Vorteil mit ca. +0,30} Bd7 20. Bd3 Rd5 21. Rc7 Bc6 22. Bc4 Rd1+ 23. Kf2 Rf8
24. Ree7 {die Stellung ist im Lot, Komodo 0,00} Rd2+ 25. Ke3 Rxg2 26. Rxf7
Re8+ 27. Kd4 Kh8 28. h3? {ein schlechter Zug, danach ist Schwarz klar im
Vorteil, Komodo -1,00, nötig war entweder Kc3 oder b4 beides mit Ausgleich}
h6 {nicht optimal, besser ist Te4+, Komodo +0,80} 29. b3 Rd8+ 30. Kc5 Rg5+
31. Kb4 a5+ 32. Ka3 Rg6 {besser ist Kh7, Komodo +0,40} 33. Rf5! a4 34.
Bb5??? {ein ganz schlechter Zug, danach ist Schwarz bereits klar im
Vorteil, Komodo -1,20, einer der allerschlechtesten Züge, die überhaupt
möglich sind, praktisch jeder andere Zug ist besser, nur um einige zu
nennen und das sind bei weitem nicht alle: bxa4, Te5, T5f7,...., lt.
Stockfish 15 ist die Partie damit bereits klar verloren, -2,00} axb3 35.
axb3 Ra8+ 36. Kb4 Rg3 37. Bxc6??? {danach kann man sich jeden weiteren
Kommentar ersparen, hier ist die Partie verloren, letzter Kommentar es sei
denn Lyon 68020 macht noch einen Megabock, Komodo -1,70 alles verloren !,
auch hier ist jeder andere halbwegs plausible Zug deutlich besser praktisch
egal welcher nur um einige zu nennen: Th5, h4, Lf1,...} bxc6 38. Rff7???
Rb8+ 39. Kc5 Rbxb3 40. h4 Rg4 41. Rce7 Rh3 42. Kxc6 Rhxh4 {Rest geschenkt}
0-1
[/pgn]
[pgn]

[Event "Turnier 40 / 120"]
[Site "Wien"]
[Date "2023.07.31"]
[Round "30"]
[White "Mephisto Lyon 68020 - 12 MHZ"]
[Black "Mephisto Atlanta SH 7034 - 20 MHZ"]
[Result "1/2-1/2"]
[BlackElo "2191"]
[WhiteElo "2172"]

{Analyse ----> Stockfish 16} 1. e4 c6 2. d4 d5 3. Nc3 {Buchende} g6 4. e5!
{der richtige Zug, Buchbewertung Mephisto Lyon 68020: +0,75 und damit hat
er recht, eine ganz schechte Eröffnung von Schwarz, lt. Stockfish 16 ist
Weiss bereits mit +1,00 im Vorteil} Bg7 5. Nf3? {diesen alles andere als
idealen Zug hat Mephisto Atlanta komischerweise auch noch im Buch, obwohl
hier h3 weit stärker ist, um den schwarzen Läufer nicht nach g4 zu lassen,
der Textzug reduziert den Vorteil deutlich, Stockfish +0,40} Bg4 {Buchende}
6. Be2 f6 {Buchbewertung Mephisto Atlanta: +0,3, kein guter Zug und eine
viel zu optimistische Betrachtung, besser ist Lxf3, Stockfish +0,70 für
Weiss} 7. O-O Bxf3 8. exf6 Nxf6 9. Bxf3 Qd6? {Atalanta ändert immer
allerletzten Moment nach 12 Minuten Bedenkzeit noch seine Meinung und
verwirft den weit besseren Zug Sbd7, nach dem Textzug ist Weiss bereits
klar im Vorteil, Stockfish -1,20} 10. Re1 Nbd7? {der nächste schlechte Zug,
der König muss natürlich aus der Mitte, nötig war O-O, nach dem Textzug ist
die Partie praktisch schon verloren, Stockfish -1,50, aber gut das ist die
Meinung der Top-Engine, Lyon 68020 muss es natürlich erst beweisen} 11.
Qe2? {und Lyon 68020 bleibt den Beweis schuldig, der Textzug ist ganz
schlecht und verspielt auf einen Schlag den gesamten Vorteil, danach ist
die Stellung im Lot, richtig wäre g3 ! gewesen, um den Läufer nach f4 zu
bringen, danach müsste die Dame ungünstig ausweichen und Weiss steht
praktisch auf Gewinn} O-O 12. Qe6+ Rf7? {das ist natürlich ganz schlecht,
sich hier diesen grauslichen Doppelbauern andrehen zu lassen, danach steht
Weiss natürlich besser, Stockfish -0,70, natürlich einfach Dxe6 und alles
ist im Lot} 13. Qxd6 exd6 14. Bg5 Nb6 15. Rad1 h6 16. Bc1 Kh7 17. Re6 Rff8?
{ein sinnloser Zug, danch steht Weiss bereits klar besser, weit besser ist
entweder Te8 oder Se8} 18. Re7 Rab8 19. h3 {etwas besser ist Se2, Stockfish
+0,80} Rfe8 20. Rde1 Rxe7 21. Rxe7 Kg8? {ein schlechter Zug, weit besser
ist Te8, Stockfish -1,00} 22. Bf4? {ein schlechter Zug, der praktisch den
gesamten Vorteil verspielt, Stockfish +0,20, deutlich besser ist Se2} Bf8?
{schwach, nötig war Se8, Stockfish -0,80} 23. Re2 Re8 24. Rxe8 Nxe8 25. Be2
Kf7 26. Bd3 Bg7 {besser ist Sc7} 27. Ne2 Nc4 28. Bc1 Nf6?? {ein Verlustzug,
danach ist die Partie bereits klar verloren, Stockfish -1,70, deutlich
besser ist Sc7 mit ca. -1,00} 29. b3 Nb6 30. a4 {klar schwächer als Sf4,
Stockfish +1,00} c5? {ein schlechter Zug, jeder x-beliebige Springerzug ist
besser, Sbd7, Sg8, Sc8, Sa8 nach dem Textzug ist die Partie wieder klar
verloren, Stockfish -1,70} 31. a5? {wieder wird das klar stärkere Sf4
verpasst, Stockfish +1,00} Nbd7 32. Nc3? {ein schwacher Zug, der den
Vorteil von Weiss etwa halbiert, Stockfish +0,50, deutlich besser ist Le3}
a6 33. Be3 Bf8? {ein schwacher Zug, deutich besser ist cxd4, Stockfish
-0,80} 34. Na4? {ein schlechter Zug, der praktisch den gesamten Vorteil
verspielt, danach ist die Stellung bereits im Lot, nötig war dxc5} cxd4 35.
Bxd4 Ne5 36. Nb6 Ke6 37. b4 Nh5??? {ein absoluter Verlustzug, danach ist
die Partie sofort verloren, nötig war Sxd3 mit Ausgleich, Stockfish -4,00
!!!, der Gewinnzug ist aber eine harte Nuss: Lxa6, bxa6, b5 und Weiss
gewinnt} 38. Be2? {verpasst man muss aber sagen erwartungsgemäss den
sofortigen Gewinn, aber auch nach dem Textzug steht Weiss klar auf Gewinn,
Stockfish +1,80} Nf4 39. Bd1 g5 40. g3 {nicht optimal, aber Weiss bleibt
klar im Vorteil, Stockfish +1,70, besser ist Kf1} Nfg6 41. c3 Ne7 42. f4?
{ein schlechter Zug, der den Vorteil von Weiss halbiert, Stockfish +1,00,
deutlich besser ist Sa8} gxf4 43. gxf4 Nd3??? {ein Verlustzug, danach ist
die Partie sofort verloren, nötig war natürlich S5c6 mit Angriff auf den
Läufer d4, Stockfish -2,80 danach ist alles verloren} 44. Bg4+ Kf7 45.
f5??? {ein grottenschlechter Zug, der nahezu den gesamten Vorteil auf einen
Schlag verschenkt, das macht natürlich das starke Feld e5 für den nutzlos
plazierten Springer frei und lässt ihn wieder am Spiel teilhaben, Stockfish
+0,30 für Weiss} Ne5 {alternativlos} 46. Kf2 Bg7 47. Ke3 Bf6 48. Ke2
{minimalen Vorteil hätte noch Lh5+ beracht, nach dem Textzug ist die Partie
bereits Remis, Stockfish 0,00} Nxg4 49. hxg4 h5??? {der nächste absolute
Verlustzug, danach ist alles aus, Stockfish -5,00, das Remis gesichert
hätte Lxd4} 50. Bxf6 Kxf6 51. Nd7+ Kf7 52. Kf3??? {verschenkt einfach
alles, danach ist die Partie wieder Remis, Stockfish 0,00, gewonnen hätte
gxh5} hxg4+ 53. Kxg4 Nc6 54. Nb6 d4 55. cxd4 Nxd4 56. Nd5 Nc6 57. Kh5 Nd4
58. Kg5 Nc6 59. Kf4 Nd4 {naja, da geht nichts mehr, Userentscheid: Remis}
1/2-1/2
[/pgn]
[pgn]

[Event "Turnier 40 / 120"]
[Site "Wien"]
[Date "2023.08.01"]
[Round "31"]
[White "Mephisto Atlanta SH 7034 - 20 MHZ"]
[Black "Mephisto Lyon 68020 - 12 MHZ"]
[Result "0-1"]
[BlackElo "2172"]
[WhiteElo "2191"]

{Analyse ----> Stockfish 16} 1. e4 Nf6 2. e5 Nd5 3. d4 d6 4. c4 Nb6 5. exd6
cxd6 6. Nc3 {Buchende} g6 7. c5?? {Buchbewertung Mephisto Atlanta: 0,0 /
greift gleich im allerersten Zug voll daneben und die Berechnungen von
Atlanta sind hier völlig verkehrt, denn mit der Reihenfolge der Züge
verschlechtert er sich dauernd, lange Zeit hat er Sf3 als besten Zug was
klar stärker wäre, dann Ld3 was auch noch besser ist und am Ende reizt er
die Bedenkzeit voll aus und kommt nach fast 12 Minuten noch auf den
Textzug, der der schlechteste von allen erwogenen Möglichkeiten ist, danach
ist die Stellung lt. Stockfish im Lot mit 0,00, Lyon 68020 hätte hier noch
klaren Buchvorteil gehabt und hätte den besten Zug h3 ! gemacht, danach
wäre Weiss bereits klar besser gestanden mit ca. +0,80, Atlanta macht
praktisch den einzig möglichen Zug, der ihn NICHT in Vorteil bringt.} dxc5
{Buchbewertung Mephisto Lyon 68020: 0,00 / völlig richtig lt. Stockfish,
aber gut auch Atlanta hatte immerhin den Textzug mit 0,0 bewertet, damit
hatte er ja ebenfalls recht.} 8. dxc5 N6d7 9. b4?? {greift auch im 2. Zug
wieder voll daneben, danach steht Schwarz bereits klar besser, Stockfish
-1,00, nötig war Dd5 mit Ausgleich} Bg7 {natürlich, was sonst} 10. Bb2 O-O
11. Rc1??? {es geht weiter in dieser Tonart, was Atlanta hier abliefert
kann man nur als letztklassig bezeichnen, nach dem Textzug ist die Partie
bereits verloren, Stockfish - 2,50 !!, und auch hier baut er nach gleichem
Schema wieder ab mit genau verkehrten Berechnungen, zuvor hatte er Sf3 als
besten Zug, was richtig wäre, dann kommt er auf den bereits weit
schlechteren Zug Le2, um sich dann nach wieder langer Bedenkzeit noch für
den völlig absurden Verlustzug Tc1 zu entscheiden, also mit jedem Zug eine
deutliche Verschlechterung, die Reihenfolge ist einfach absurd., was ist
mit dem Königsflügel ?} Ne5? {Lyon 68020 greift auch erstmals daneben, der
Textzug halbiert den Vorteil von Schwarz, Stockfish +1,20, gewonnen hätte
bereits a5} 12. Qe2??? {Unfassbar schlecht, da weiss man wirklich nicht
mehr was man sagen soll, der nächste völlig unverständliche Verlustzug,
danach ist alles aus, was bitte soll das bringen, sich den Läufer hier zu
verstellen und praktisch die Entwicklung des Königsflügels unmöglich zu
machen, Stockfish -3,50, einfach letztklassig, leider muss ich das
wiederholen, richtig war f4} Bg4? {auch ganz schwach, weit besser ist Lf5,
aber natürlich steht Schwarz auch danach noch klar auf Gewinn, Stockfish
+2,20} 13. f3? {einfach schlecht, besser ist natürlich De3, um dem Läufer
den Weg frei zu machen, Atlanta ist einfach nicht fähig auch nur einen
einzigen korrekten Zug zu machen, Stockfish -2,80} Bf5? {auch Lyon 68020
spielt nicht optimal, der Textzug reduziert den Vorteil von Schwarz
deutlich, Stockfish +1,80, büsst eine ganze Bauerneinheit ein gegenüber
Le6} 14. Rd1 Nbd7 {hier wäre sogar S8c6 !!! stärker gewesen, Stockfish
hätte hier glatt die Dame stehen gelassen, aber gut das ist unmöglich für
einen Oldie} 15. f4 {der 1. richtige Zug von Atlanta, dennoch steht er klar
auf Verlust, Stockfish -2,00} Bg4 16. Nf3 Nxf3+? {sieht im ersten Moment
eigentlich verständlich aus, zerstört ja immerhin nachhaltig die
Bauernstruktur von Weiss in Wahrheit halbiert aber dieser Zug den Vorteil
von Schwarz, Stockfish "nur" noch +1,00, deutlich besser ist Sc6} 17. gxf3
Bf5? {auch das ist ganz schlecht, weit besser ist Le6, danach ist Schwarz
nur noch knapp im Vorteil mit ca. +0,40} 18. Qf2? {ein schlechter Zug,
danach ist Schwarz wieder klar im Vorteil, Stockfish -1,00, nötig war Sd5}
a5! 19. b5??? {ein Verlustzug, danach ist die Partie wieder klar verloren,
Stockfish -3,00, nötig war a3, danach wäre durchaus noch nichts verloren
gewesen} Rc8 20. b6??? {einfach letztklassig, Stockfish -4,50, nötig war
Sd5} e5? {auch ein ganz schlechter Zug, der Ganze 2 Bauerneinheiten
einstellt, Stockfish +2,50, sofort gewonnen hätte Txc5} 21. Ne4 Qe7 22.
Be2?? {völlig daneben, der Läufer gehört nach g2, Stockfish -4,00} Bxe4 23.
fxe4 Nxc5 24. Ba3 exf4 25. O-O Qg5+? {ein schlechter Zug, aber hier ist es
schon egal, hier gewinnt JEDE halbwegs plausible Fortsetzung, Stockfish
+2,80, weit besser ist aber Tfd8 mit ca. +4,00} 26. Kh1 Nxe4 27. Qxf4 Qxf4
28. Rxf4 Rfe8 {Natürlich gewinnt die Bauernübermacht am Königsflügel, hier
beende ich die weitere Kommentierung, das ist nur noch eine Frage der Zeit
und reine Formsache, falls Lyon 68020 keinen Megabock mehr macht ist hier
alles erledigt, weitere Kommentare kann man sich hier wahrlich schenken}
29. Bb5 Bh6 30. Rf3 Rc3 31. Kg2 Rc2+ 32. Kh1 Nd2 33. Rd3 Rec8 34. Bd7 R8c3
35. Rxc3 Rxc3 36. Be7 Rc2 37. a3 Be3 38. Ba4 Rb2 39. Bf6 Rb1 40. Kg2 Rxd1
41. Bxd1 Bxb6 {Rest geschenkt / was für eine erbärmliche Vorstellung von
Atlanta, einfach unterirdisch schlecht, abgeschenkt !!} 0-1
[/pgn]
[pgn]